Quiz AC Milan Extrême - Statistiques

Statistiques générales
  • Ce quiz a été pris 94 fois
  • Le résultat moyen est 5 sur 15
Statistiques - réponses
Question Réponse % Correct
Nombre de Ligues des Champions Gagnées au XXe siècle 5
74%
Équipementier pendant la saison 2006/2007 Adidas
69%
Nombres de places à San Siro (arrondi aux dizaines de milliers) 80018
64%
Club le plus souvent rencontré Juventus
64%
Premier Joueur à gagner le ballon d'or avec le club Gianni Rivera
36%
Nombre de trophées internationaux 21
31%
Arrivée la plus chère de l'histoire Leonardo Bonucci
29%
Ville où Milan gagna sa 5e LDC en 1994 Athènes, Grèce
23%
Deuxième arrivée la plus chère Rui Costa
23%
Date de Création du club 16 decembre 1899
20%
Groupe Ultra Historique Fossa dei leoni
15%
Troisième arrivée la plus chère Lucas Paqueta
15%
Entraineur avec le plus de matchs Nereo Rocco
8%
Dates du 1er passage de A.Sacchi 1987-1991
6%
Premier Buteur du club David Allison
4%
Aucun quiz correspondant
Distribution des résultats
% des personnes avec chaque résultat
Percentile par nombre de réponses
Votre historique - résultats
Vous n’avez pas pris ce quiz